| 000 | 01052cam a2200133 4500500 | ||
|---|---|---|---|
| 005 | 20251214005053.0 | ||
| 041 | _afre | ||
| 042 | _adc | ||
| 100 | 1 | 0 |
_aBlanc, Alain _eauthor |
| 245 | 0 | 0 | _aSociologie du handicap |
| 260 |
_bArmand Colin,
_c2015. |
||
| 520 | _aCet ouvrage propose une perspective d’ensemble pour construire une sociologie du handicap. Son approche associe trois dimensions : la production sociale du handicap à travers les deux temps nécessaires à sa définition - un corps défaillant et un environnement inhospitalier ; la reconnaissance et la prise en charge des handicapés à travers les actions associatives, médico-administratives et publiques ; l’accueil des personnes handicapées au sein de la collectivité, l’altération des interactions et l’imaginaire de la séparation qui en découle. Cette 2e édition,augmentée d'une postface , prend en compte l'évolution des prises en charge. | ||
| 856 | 4 | 1 | _uhttps://shs.cairn.info/sociologie-du-handicap--9782200602857?lang=fr&redirect-ssocas=7080 |
| 999 |
_c1568644 _d1568644 |
||